Celebrity pre Afriku

Na minha lista:
Detalhes bibliográficos
Autor principal: Fieldingová, Helen
Outros Autores: Perez, Emília, Lorková, Zuzana
Formato: Livro
Idioma:eslovaco
Publicado em: Praha NAKLADATELSTVÍ XYZ 2015
Edição:1. slov. vyd.
Assuntos:
Tags: Adicionar Tag
Sem tags, seja o primeiro a adicionar uma tag!

MARC

LEADER 00000nam a2200000 4500
001 0205238
005 20240502083515.1
020 |a 978-80-7505-089-2 
041 0 |a slo 
044 |a CZ 
245 1 0 |a Celebrity pre Afriku  |c Helen Fieldingová ; preklad: Emília Perez, Zuzana Lorková 
250 |a 1. slov. vyd. 
264 1 |a Praha  |b NAKLADATELSTVÍ XYZ  |c 2015 
300 |a 318 s. [20 AH] 
610 2 0 |a literatúra 
610 2 0 |a preklady 
100 1 |a Fieldingová, Helen 
700 1 |a Perez, Emília 
700 1 |a Lorková, Zuzana